000 00859nas a2200301 4500
001 BR9505010
003 BR-BrBNA
005 20231205094150.0
007 ta
008 230509b bl.|||p| |||| 00| 00por d
040 _aBR-BrBNA
_bpor
_cBiblioteca Nacional de Agricultura
041 _a(Pt)
072 _aQ02
100 1 _aLaguna, L.E.
100 1 _aMaia, G.A.
100 1 _aTelles, F.J.S.
100 1 _aGaspar Junior, J.C.
100 1 _aOria, H.F.
100 1 _aGuimaraes, A.C.L.
245 1 _aUtilizacao do oleo de babacu refinado na composicao do leite fluido de consumo
650 _aLeite
650 _aBabacu
650 _aOleo
650 _aProcessamento
773 0 _tCiencia Agronomica (Brazil)
_xISSN 0045-6888
_g(Jun-Dec 1989), v. 20(1-2) p. 5-10
_wBR9505010
909 _a202311
_bLúcia
_c55
_dLúcia Elande
942 _2AGRIS
_n0
_cANA
999 _c142485
_d142485